Online Catalogue and eLibrary

Prison Diary 1975 (Record no. 3449)

MARC details
000 -LEADER
fixed length control field 00510nam a2200157Ia 4500
005 - DATE AND TIME OF LATEST TRANSACTION
control field 20250122051627.0
008 - FIXED-LENGTH DATA ELEMENTS--GENERAL INFORMATION
fixed length control field 240331s9999 xx 000 0 und d
082 ## - DDC Classification
Item Number - Author Mark NAR
Class No. 920
100 ## - MAIN ENTRY--PERSONAL NAME
Personal name Narayan, J
245 #0 - TITLE STATEMENT
Title Prison Diary 1975
250 ## - EDITION STATEMENT
Edition statement 2nd
260 ## - PUBLICATION, DISTRIBUTION, ETC.
Place of publication, distribution, etc. Bombay
Name of publisher, distributor, etc. Popular Prakashan
Date of publication, distribution, etc. 1977
300 ## - PHYSICAL DESCRIPTION
Extent (e.g. Volumes, Pages etc.) xii, 144 p ., ( 2nd copy)
500 ## - GENERAL NOTE
General note Mr. Jayaprakash Narayan's Prison Diary is a historic Document whose significance will outlive the circumstances in which it came to be written.
942 ## - Koha item type (Biblio)
Koha item type Books in Stacks (Lending)
Holdings
Lost status Damaged status Collection code Home library Current library Shelving location Date acquired Full call number Accession Number Item type
    Lending WERC Library WERC Library Social Science Cupboard 03/31/2024 920 NAR 4913 Books in Stacks (Lending)

© WERC Library